Представление документа в формате RUSMARC

Поле Инд. ПП Название Значение
Тип записи a
Библиографический уровень m
001 _ Контрольный номер RU/REP/BASE/00066130
005 _ Дата корректировки 20181128113512.8
200 a Заглавие История государства и права
f Первые сведения об ответственности отв. ред. Сизиков М.И.
210 a Место издания М.
c Издательство Юрид. лит.
d Дата издания 1997
215 a Объем 303 с.
330 a Аннотация Юридические понятия и термины по истории России и зарубежных стран с древнейшего до настоящего времени.
610 a Ключевые слова ИСТОРИЯ ГОСУДАРСТВА И ПРАВА, ИСТОРИЯ ПРАВА РОССИИ, ИСТОРИЯ ПРАВА ЗАРУБЕЖНЫХ СТРАН
686 v Номер издания LBC/SL-A
2 Код системы rubbk
a Систематический индекс 67.3Я2
702 _1 a Фамилия отв.
b Имя ред. Сизиков М.И.
852 i Авторский знак И90
j Полочный индекс 67.3Я2
898 a Местонахождение РГУП
b Место хранения Фонд РАП
i Дата постановки на учет 09.12.2010
t Цена 0.00
901 t Тип документа m
952 c Вид литературы словари